000 00439nam a2200181Ia 4500
003 0STCL
008 150530s9999 xx 000 0 und d
040 _aSTCL
_cSTCL
100 _aKalpatta Balakrishnan
245 _aCharithra Noval Malayalathil
250 _a2
260 _bKerala Sahitya Academi; Thrissur
_c2005
_aThrissur
300 _a0
546 _aMalayalam
942 _2ddc
_cBK
999 _c80219
_d80219
005 20220125171735.0